000 00700nam a2200193Ia 4500
001 12901
003 GE_BSU
008 181216s||||||||xx |||||||||||||| ||und||
040 _cGE_BSU
080 _a661.632.1
245 _aХимия удобрении и разработка рациональных способов и их производства
245 _cОтв.ред.М.Н.Набиев. Ред.З Мощенко
260 _aТашкент
260 _bизд-во "Фан
260 _c1969
300 _a227стр.20см.
653 _aХимия удобрении и разработка рациональных способов и их производства
942 _cBK
999 _c46071
_d46071